000 00728nam a2200205 a 4500
001 000018626
005 20200929165831.0
008 100512s1977 pr a r 000 p spa d
040 _aDO-SdBNP
_bspa
_cBNPHU
082 _aPR861.44
_bA797n
100 1 _aArzola, Marina
_940250
245 1 3 _aEl niño de cristal y los olvidados /
_cMarina Arzola ; trabajos de arte Ricardo Molina Castrillón.
260 _aSan Juan, Puerto Rico :
_bInstituto de Cultura Puertorriqueña,
_c1977.
300 _a75 p. :
_bil. ;
_c18 cm.
490 1 _aLiteratura Hoy ;
_v9
650 4 _aPoesía puertorriqueña
_91015
650 4 _aLiteratura puertorriqueña
_9250
700 1 _aMolina Castillo, Ricardo
_940251
830 0 _aLiteratura Hoy ;
_n9
_940252
999 _c18146
_d18146